000 00690nam a2200277Ia 4500
005 20260121125534.0
008 008 260114s9999 xx 000 0 eng d
020 _a9781614511748
037 _aEBOOK
040 _aCRL
040 _beng
040 _cCRL
041 _2eng
041 _aeng
084 _qCRL
100 _aHarr, Anne-Katharina
_9994675
245 0 _aLanguage-Specific Factors in First Language Acquisition
260 _bWalter de Gruyter
260 _bWalter de Gruyter
260 _c2013
650 _aLinguistics
_9994676
856 _uhttp://www.degruyter.com/isbn/9781614511748
942 _cEBOOK
999 _c1562727
_d1562727